Statistics for 4-Letter Baby Names (U.S.)

Click here to take the quiz!

General Stats

  • This quiz has been taken 608 times
  • The average score is 15 of 27

Answer Stats

BABY NAMES% Correct
John
85%
Jack
78%
Mary
75%
Jane
73%
Anna
70%
Mark
70%
Emma
69%
Paul
69%
Adam
66%
Sara
62%
Joan
60%
Noah
59%
Rose
58%
Jean
57%
Alan
50%
Eric
50%
Ryan
50%
Lisa
49%
Carl
47%
Ruth
46%
Sean
44%
Kyle
43%
Jose
38%
Gary
37%
Juan
29%
Judy
25%
Lori
20%

Score Distribution

Percentile by Number Answered

Percent of People with Each Score

Your Score History

You have not taken this quiz